00327nam a2200109Ia 4500008004100000245009300041260003500134260000900169300001000178500001300188650001600201170224s9999 xx 000 0 und d aEffects of ALDH2∗2 on alcohol problem trajectories of Asian American college students. bJournal of Abnormal Psychology c2014 a123:1 aFebruary xPsychology.